000 00600nam a22001937a 4500
003 DO-SdBNP
005 20211019141509.0
008 201124b 00| 0 eng d
020 _a9802074861
040 _aDO-SdBNP
_bspa
_cBNPHU
082 4 _222
100 1 _aSchubert, Linda
_977399
245 1 0 _aLa Hora Milagrosa :
_bun método de oración que cambiara tu vida /
_cLinda Schubert ; prefacio del Padre Robert DeGrandis, S. J.
260 _aSanta Clara :
_bPaulinas,
_c1992.
300 _a47 p. :
_bil. ;
_c19 cm.
590 _aInventariado, 2020 /LP
910 _aLopérez
942 _2ddc
_cLBS1
999 _c49198
_d49198